000 00534nam a2200181 i 4500
001 44061
003 ES-MaACL
005 20240430133602.0
007 t|
008 030320s1970 sp ||||1| cat d
100 1 _aCesc.
_937681
245 1 0 _aCaptaires /
_cd'en Cesc ; próleg de M. Vázquez Montalbán.
260 _a[Barcelona :
_bLumen :
_bMartínez,
_c1970]
300 _a6 h., 35 lám. ;
_c27 cm.
700 0 _aVázquez Montalbán, Manuel,
_d1939-
_9113463
852 _aES-MaACL
_jC-45198
_bR.75910
999 _c44061
_d44061